| Tag |
First Indicator |
Second Indicator |
Subfields |
| LEADER |
00000cam a2200000 i 4500 |
| 001 |
in00004402621 |
| 005 |
20210728140821.0 |
| 006 |
m do u |
| 007 |
cr ||||||||||| |
| 008 |
200811s2021 inua ob 001 0 eng |
| 010 |
|
|
|a 2020034598
|
| 020 |
|
|
|a 9780253053732
|q electronic book
|
| 020 |
|
|
|a 0253053730
|
| 020 |
|
|
|z 9780253053718
|q hardcover
|
| 020 |
|
|
|z 9780253053725
|q paperback
|
| 035 |
|
|
|a (DLC)jstor22573/CTV1GG0XSM
|
| 037 |
|
|
|a 22573/ctv1gg0xsm
|b JSTOR
|
| 040 |
|
|
|a NhCcYBP
|c NhCcYBP
|d UtOrBLW
|
| 042 |
|
|
|a pcc
|
| 043 |
|
|
|a e-ie---
|
| 050 |
|
4 |
|a HQ1600.3
|b .W6358 2021
|
| 072 |
|
7 |
|a HIS
|x 058000
|2 bisacsh
|
| 072 |
|
7 |
|a HIS
|x 018000
|2 bisacsh
|
| 072 |
|
7 |
|a HIS
|x 031000
|2 bisacsh
|
| 082 |
0 |
0 |
|a 305.4209417/0904
|2 23
|
| 245 |
0 |
0 |
|a Women and the decade of commemorations /
|c Oona Frawley, editor.
|
| 264 |
|
1 |
|a Bloomington, Indiana :
|b Indiana University Press,
|c [2021]
|
| 300 |
|
|
|a 1 online resource.
|
| 336 |
|
|
|a text
|b txt
|2 rdacontent
|
| 337 |
|
|
|a computer
|b n
|2 rdamedia
|
| 338 |
|
|
|a online resource
|b nc
|2 rdacarrier
|
| 490 |
1 |
|
|a Irish culture, memory, place
|
| 504 |
|
|
|a Includes bibliographical references and index.
|
| 588 |
|
|
|a Description based on online resource; title from digital title page (viewed on February 25, 2021).
|
| 500 |
|
|
|a Electronic resource.
|
| 650 |
|
0 |
|a Women
|z Ireland
|x History
|y 20th century.
|
| 651 |
|
0 |
|a Ireland
|x Social conditions
|y 20th century.
|0 http://id.loc.gov/authorities/subjects/sh96007743
|
| 648 |
|
7 |
|a 1900-1999
|2 fast
|
| 655 |
|
7 |
|a Electronic books.
|2 local
|
| 700 |
1 |
|
|a Frawley, Oona,
|e editor.
|0 http://id.loc.gov/authorities/names/no2004068920
|
| 776 |
1 |
8 |
|i Print version:
|t Women and the decade of commemorations
|d Bloomington, Indiana : Indiana University Press, [2021]
|z 9780253053718
|w (DLC) 2020034597
|
| 830 |
|
0 |
|a Irish culture, memory, and place.
|0 http://id.loc.gov/authorities/names/no2019115384
|
| 856 |
4 |
0 |
|u http://proxy.library.tamu.edu/login?url=https://www.jstor.org/stable/10.2307/j.ctv1ghv4bd
|z Connect to the full text of this electronic book
|t 0
|
| 955 |
|
|
|a JSTOR DDA record
|
| 999 |
f |
f |
|s 50c92328-8bd7-31d2-b0f0-713b3079eecc
|i c47b4d43-73a8-3d9a-9ba2-c1531604ff45
|t 0
|
| 952 |
f |
f |
|a Texas A&M University
|b College Station
|c Electronic Resources
|d Available Online
|t 0
|e HQ1600.3 .W6358 2021
|h Library of Congress classification
|
| 998 |
f |
f |
|a HQ1600.3 .W6358 2021
|t 0
|l Available Online
|